Singapore strategy for the 1990s.
Analyzovanie príčin hospodárskeho rastu Singapúru a budúci vývoj ekonomiky v 90. rokoch v orientácii na rast exportu. Komparatívne výhody a nevýhody Singapúru a návrh stratégie jeho rozvoja v nasledujúcom desaťročí. Bariéry ekonomického rozvoja (pracovné sily, rozloha, protekcionizmus).
Na minha lista:
| Autor principal: | |
|---|---|
| Outros Autores: | |
| Formato: | Capítulo de Livro |
| Idioma: | inglês |
| Assuntos: | |
| Tags: |
Sem tags, seja o primeiro a adicionar uma tag!
|
MARC
| LEADER | 00000naa a2200000 4500 | ||
|---|---|---|---|
| 001 | r004956 | ||
| 005 | 20221213085200.2 | ||
| 041 | 0 | |a eng | |
| 044 | |a GB | ||
| 245 | 1 | 0 | |a Singapore strategy for the 1990s. |c F. Wu, N.B. Eng |
| 520 | |a Analyzovanie príčin hospodárskeho rastu Singapúru a budúci vývoj ekonomiky v 90. rokoch v orientácii na rast exportu. Komparatívne výhody a nevýhody Singapúru a návrh stratégie jeho rozvoja v nasledujúcom desaťročí. Bariéry ekonomického rozvoja (pracovné sily, rozloha, protekcionizmus). | ||
| 610 | 2 | 0 | |a stratégia hospodárska |
| 610 | 2 | 0 | |a Singapur |
| 610 | 2 | 0 | |a rast hospodársky |
| 610 | 2 | 0 | |a vývoz |
| 610 | 2 | 0 | |a rozvoj hospodársky |
| 610 | 2 | 0 | |a 1991-2000 |
| 610 | 2 | 0 | |a sily pracovné |
| 610 | 2 | 0 | |a protekcionizmus |
| 100 | 1 | |a Wu, F. | |
| 700 | 1 | |a Eng, N.B. | |